Vplyv oceňovania na hodnoty vykázané účtovníctvom
Oceňovanie - proces v účtovníctve spojený s určovaním peňažnej čiastky priradenej položke finančného výkazu. Prevládajúci spôsob oceňovania - oceňovanie na báze historických cien. Účtovanie zásob - nutné na skompletizovanie finančných výkazov podniku. Techniky ocenenia zásob. Metódy, ktoré prerušujú...
Gespeichert in:
| 1. Verfasser: | |
|---|---|
| Format: | Buchkapitel |
| Sprache: | Slowakisch |
| Schlagworte: | |
| Tags: |
Keine Tags, Fügen Sie das erste Tag hinzu!
|
MARC
| LEADER | 00000naa$a2200000$$$4500 | ||
|---|---|---|---|
| 001 | 0070446 | ||
| 005 | 20240502071839.0 | ||
| 041 | 0 | |a slo | |
| 044 | |a SK | ||
| 245 | 1 | 0 | |a Vplyv oceňovania na hodnoty vykázané účtovníctvom |c Jozefína Hvastová |
| 520 | |a Oceňovanie - proces v účtovníctve spojený s určovaním peňažnej čiastky priradenej položke finančného výkazu. Prevládajúci spôsob oceňovania - oceňovanie na báze historických cien. Účtovanie zásob - nutné na skompletizovanie finančných výkazov podniku. Techniky ocenenia zásob. Metódy, ktoré prerušujú priamy vzťah medzi tokom tovarov a tokom cien: First-In-First-Out, Last-In-First-Out, priemerné náklady. Metóda priemerných nákladov. | ||
| 610 | 2 | 0 | |a oceňovanie |
| 610 | 2 | 0 | |a ceny |
| 610 | 2 | 0 | |a výkazy finančné |
| 610 | 2 | 0 | |a výkazy účtovné |
| 610 | 2 | 0 | |a náklady priemerné |
| 100 | 1 | |a Hvastová, Jozefína, 1969- | |